Comparative anthropology
Αποθηκεύτηκε σε:
| Άλλοι συγγραφείς: | |
|---|---|
| Μορφή: | Βιβλίο |
| Γλώσσα: | English |
| Δημοσίευση: |
Oxford :
Blackwell,
1987
|
| Θέματα: | |
| Ετικέτες: |
Προσθήκη ετικέτας
Δεν υπάρχουν, Καταχωρήστε ετικέτα πρώτοι!
|
MARC
| LEADER | 00000pam a2200000 i 4500 | ||
|---|---|---|---|
| 001 | 1/92045 | ||
| 008 | 961217s1987 eng d | ||
| 020 | |a 0-631-15155-9 | ||
| 035 | |l 10008298 | ||
| 040 | |a GR-MY-UA |b gre |e aacr | ||
| 041 | 0 | |a eng | |
| 082 | 0 | |a 306 | |
| 245 | 1 | 0 | |a Comparative anthropology / |c Edited by Ladislav Holy |
| 260 | |a Oxford : |b Blackwell, |c 1987 | ||
| 300 | |a viii, 252 p.; |b ill.; |c 24 cm | ||
| 500 | |a Papers of the Symposium on Comparative Method in Social Anthropology, held at the University of St. Andrews, December 15-18, 1983 | ||
| 504 | |a Includes bibliographical references and index | ||
| 650 | 0 | 0 | |a Ethnology |x Comparative method |x Congresses. |
| 650 | 0 | 0 | |a Cross-cultural studies |x Congresses. |
| 700 | 1 | |a Holy, Ladislav. |4 edt | |
| 852 | |a INST |b LESVOS |e 19961217 |h 306 COM |p 005100003413 |q 005100003413 |t BK |y 0 | ||
| 852 | |a INST |b LESVOS |e 19961217 |h 306 COM |p 005100008751 |q 005100008751 |t BK |y 0 | ||
| 909 | |a Λ |b 010724 | ||